ბათუმის შოთა რუსთაველის სახელმწიფო უნივერსიტეტის ბიბლიოთეკა

ჭანური (ლაზური) ტექსტები. [ნაკვ.] 1. ხოფური კილოკავი (ბიბ.ჩანაწერი № 51056)

000 -LEADER
fixed length control field 01086nam a2200241Ia 4500
001 - CONTROL NUMBER
control field 18013
003 - CONTROL NUMBER IDENTIFIER
control field GE_BSU
008 - FIXED-LENGTH DATA ELEMENTS--GENERAL INFORMATION
fixed length control field 181216s||||||||xx |||||||||||||| ||und||
040 ## - CATALOGING SOURCE
Transcribing agency GE_BSU
080 ## - UNIVERSAL DECIMAL CLASSIFICATION NUMBER
Universal Decimal Classification number 811.353.31 + 811.353.31'282
100 ## - MAIN ENTRY--PERSONAL NAME
Personal name ასათიანი, ირინე
245 ## - TITLE STATEMENT
Title ჭანური (ლაზური) ტექსტები. [ნაკვ.] 1. ხოფური კილოკავი
245 ## - TITLE STATEMENT
Remainder of title მასალები ქართველურ ენათა შესწავლისათვის
245 ## - TITLE STATEMENT
Statement of responsibility, etc. რედ. არნ. ჩიქობავა
260 ## - PUBLICATION, DISTRIBUTION, ETC.
Place of publication, distribution, etc. თბილისი
260 ## - PUBLICATION, DISTRIBUTION, ETC.
Name of publisher, distributor, etc. მეცნიერება
260 ## - PUBLICATION, DISTRIBUTION, ETC.
Date of publication, distribution, etc. 1974
300 ## - PHYSICAL DESCRIPTION
Extent 224 გვ. : ილ. 22 სმ
653 ## - INDEX TERM--UNCONTROLLED
Uncontrolled term ლაზური ტექსტები; ლაზური ენა; ჭანური (ლაზური) ენის კილოები
653 ## - INDEX TERM--UNCONTROLLED
Uncontrolled term ჭანური (ლაზური) ტექსტები
653 ## - INDEX TERM--UNCONTROLLED
Uncontrolled term ხოფური კილოკავი
942 ## - ADDED ENTRY ELEMENTS (KOHA)
Koha item type წიგნი
ეგზემპლარები
Withdrawn status Lost status Damaged status Not for loan Date acquired Barcode Date last seen Price effective from Koha item type
        2018-12-17 45943 2018-12-17 2018-12-17 წიგნი
        2018-12-17 45944 2018-12-17 2018-12-17 წიგნი